| 000 | 004500000a22001690004500 | ||
|---|---|---|---|
| 003 | MACL | ||
| 005 | 20160108130216.0 | ||
| 008 | 160108b xxu||||| |||| 00| 0 eng d | ||
| 040 |
_aMACL _cMACL |
||
| 041 | _aEnglish | ||
| 082 | _a912/BAR | ||
| 100 |
_aBartholomew, John _929642 |
||
| 245 | _aThe Graphic Atlas of The World | ||
| 260 |
_bOxford University Press _c1932 _aBombay |
||
| 650 |
_aGraphical Presentation _929643 |
||
| 942 |
_cBK _k912/Bar _2ddc |
||
| 999 |
_c36560 _d36560 |
||